| 000 | 00760nam a2200241Ia 4500 | ||
|---|---|---|---|
| 005 | 20260430150541.0 | ||
| 008 | 008 250103s9999 xx 000 0 eng d | ||
| 037 | _aTheses | ||
| 040 | _aCRL | ||
| 040 | _beng | ||
| 040 | _ceng | ||
| 041 | _2eng | ||
| 041 | _aeng | ||
| 084 | _qCRL | ||
| 100 |
_aPriyanka Au.; Burma P.K. Gu.; Rajam M.V. Gu. _91237826 |
||
| 245 | 0 | _aPlant Regeneration, Agrobacterium-Mediated Transformation and Over Expression of miR397b for Yield Improvement in Black Rice (Oryza sativa, cv. Chakhao Amubi) | |
| 260 | _c2024 | ||
| 300 | _a176p. | ||
| 650 | _aGenetics | ||
| 700 |
_aUniversity of Delhi. Faculty of Inter-Disciplinary&Applied Science. Deptt. of Genetics _91237827 |
||
| 942 | _cTH | ||
| 999 |
_c1850056 _d1850056 |
||